[Event "WYCC U14 Open 2019"]
[Site "Mumbai"]
[Date "2019.10.04"]
[Round "4.12"]
[White "Sun, Jiajun B"]
[Black "Arhan Chethan Anand"]
[Result "1-0"]
[WhiteElo "1977"]
[BlackElo "2167"]
[Annotator "NA"]
[PlyCount "159"]
[EventDate "2019.10.02"]
[EventType "swiss"]
[EventCountry "IND"]
[SourceTitle "playchess.com"]
[Source "ChessBase"]
[SourceQuality "1"]
[TimeControl "40/5400+30:1800+30"]

1. e4 {[%emt 0:00:00]} e5 {[%emt 0:00:00]} 2. Nf3 {[%emt 0:00:00]} Nc6 {[%emt 0:00:00]} 3. Bb5 {[%emt 0:00:00]} a6 {[%emt 0:00:00]} 4. Ba4 {[%emt 0:00:00]} Nf6 {[%emt 0:00:01]} 5. d3 {[%emt 0:00:00]} d6 {[%emt 0:00:07]} 6. c3 {[%emt 0:00:11]} g6 {[%emt 0:00:06]} 7. O-O {[%emt 0:00:53]} Bg7 {[%emt 0:00:15]} 8. Nbd2 {[%emt 0:00:36]} b5 {[%emt 0:00:11]} 9. Bb3 {[%emt 0:00:24]} O-O {[%emt 0:00:10]} 10. Re1 {[%emt 0:00:58]} Na5 {[%emt 0:00:54]} 11. Bc2 {[%emt 0:00:06]} c5 {[%emt 0:00:06]} 12. d4 {[%emt 0:02:09]} Nc6 {[%emt 0:02:07]} 13. dxc5 {[%emt 0:03:25]} dxc5 {[%emt 0:00:11]} 14. a4 {[%emt 0:00:08]} Be6 {[%emt 0:04:29]} 15. Nf1 {[%emt 0:04:46]} Qe7 {[%emt 0:01:52]} 16. Ne3 {[%emt 0:01:19]} Rfd8 {[%emt 0:02:51]} 17. Qe2 {[%emt 0:01:49]} c4 {[%emt 0:03:41]} 18. Ng5 {[%emt 0:00:45]} Rac8 {[%emt 0:12:04]} 19. axb5 {[%emt 0:01:36]} axb5 {[%emt 0:00:06]} 20. Bd2 {[%emt 0:00:46]} Bf8 {[%emt 0:04:06]} 21. Red1 {[%emt 0:02:28]} h6 {[%emt 0:05:49]} 22. Nxe6 {[%emt 0:00:25]} Qxe6 {[%emt 0:00:25]} 23. h3 {[%emt 0:02:13]} Kh7 {[%emt 0:03:04]} 24. Be1 {[%emt 0:02:41]} Bc5 {[%emt 0:02:03]} 25. Ra6 {[%emt 0:02:21]} Rxd1 {[%emt 0:01:15]} 26. Nxd1 {[%emt 0:01:32]} Nh5 {[%emt 0:06:12]} 27. Ne3 {[%emt 0:07:21]} Nf4 {[%emt 0:00:24]} 28. Qf3 {[%emt 0:00:34]} Bxe3 {[%emt 0:05:33]} 29. Qxe3 {[%emt 0:00:55]} Qd6 {[%emt 0:08:41]} 30. Kh2 {[%emt 0:01:01]} Ne6 {[%emt 0:01:09]} 31. Bd2 {[%emt 0:01:44]} h5 {[%emt 0:02:43]} 32. b4 {[%emt 0:11:10]} cxb3 {[%emt 0:05:40]} 33. Bxb3 {[%emt 0:00:03]} Nc5 {[%emt 0:02:35]} 34. Bxf7 {[%emt 0:00:17]} Qf8 {[%emt 0:00:44]} 35. Ra1 {[%emt 0:00:26]} Ne7 {[%emt 0:05:17]} 36. Bd5 {[%emt 0:01:09]} Nxd5 {[%emt 0:08:21]} 37. exd5 {[%emt 0:00:07]} Qg7 {[%emt 0:01:55]} 38. Rb1 {[%emt 0:00:47]} Nb7 {[%emt 0:04:54]} 39. Rxb5 {[%emt 0:08:25]} Nd6 {[%emt 0:00:08]} 40. Rb4 {[%emt 0:00:08]} Nc4 {[%emt 0:00:41]} 41. Qe2 {[%emt 0:30:17]} Qc7 {[%emt 0:30:23]} 42. Bg5 {[%emt 0:00:39]} Nb6 {[%emt 0:00:44]} 43. Qb5 {[%emt 0:00:57]} e4+ {[%emt 0:00:55]} 44. g3 {[%emt 0:00:13]} Nc4 {[%emt 0:00:15]} 45. Qb7 {[%emt 0:00:19]} Ne5 {[%emt 0:00:55]} 46. d6 {[%emt 0:01:25]} Qf7 {[%emt 0:00:31]} 47. Qxf7+ {[%emt 0:00:35]} Nxf7 {[%emt 0:00:06]} 48. d7 {[%emt 0:00:03]} Rxc3 {[%emt 0:01:29]} 49. d8=Q {[%emt 0:00:12]} Nxd8 {[%emt 0:00:04]} 50. Bxd8 {[%emt 0:00:05]} e3 {[%emt 0:00:03]} 51. fxe3 {[%emt 0:00:35]} Rxe3 {[%emt 0:00:10]} 52. Bg5 {[%emt 0:00:03]} Re2+ {[%emt 0:00:04]} 53. Kg1 {[%emt 0:00:06]} Re5 {[%emt 0:00:26]} 54. h4 {[%emt 0:00:24]} Re2 {[%emt 0:00:04]} 55. Rb7+ {[%emt 0:00:05]} Kg8 {[%emt 0:00:04]} 56. Rb6 {[%emt 0:00:06]} Kg7 {[%emt 0:00:04]} 57. Rf6 {[%emt 0:00:07]} Ra2 {[%emt 0:00:09]} 58. Rf2 {[%emt 0:00:05]} Ra1+ {[%emt 0:00:04]} 59. Kg2 {[%emt 0:00:03]} Ra3 {[%emt 0:00:06]} 60. Re2 {[%emt 0:00:04]} Rb3 {[%emt 0:00:21]} 61. Re3 {[%emt 0:00:05]} Rb2+ {[%emt 0:00:06]} 62. Kf3 {[%emt 0:00:03]} Rb4 {[%emt 0:00:06]} 63. Re4 {[%emt 0:00:04]} Rb3+ {[%emt 0:00:04]} 64. Kf4 {[%emt 0:00:05]} Ra3 {[%emt 0:00:03]} 65. Re7+ {[%emt 0:00:18]} Kf8 {[%emt 0:00:07]} 66. Re3 {[%emt 0:00:28]} Ra5 {[%emt 0:00:04]} 67. Rb3 {[%emt 0:01:50]} Kf7 {[%emt 0:00:08]} 68. Rd3 {[%emt 0:00:20]} Ke6 {[%emt 0:00:09]} 69. Re3+ {[%emt 0:00:49]} Kf7 {[%emt 0:00:05]} 70. Re7+ {[%emt 0:00:03]} Kf8 {[%emt 0:00:04]} 71. Rd7 {[%emt 0:00:05]} Rb5 {[%emt 0:00:23]} 72. Ke4 {[%emt 0:00:12]} Ra5 {[%emt 0:00:15]} 73. Rd5 {[%emt 0:00:08]} Ra3 {[%emt 0:00:40]} 74. Ke5 {[%emt 0:00:08]} Rb3 {[%emt 0:00:16]} 75. Rd8+ {[%emt 0:02:05]} Kf7 {[%emt 0:00:06]} 76. Rd7+ {[%emt 0:00:03]} Kf8 {[%emt 0:00:06]} 77. Ke6 {[%emt 0:00:18]} Rb6+ {[%emt 0:00:55]} 78. Rd6 {[%emt 0:00:08]} Rb3 {[%emt 0:00:02]} 79. Kf6 {[%emt 0:00:07]} Rf3+ {[%emt 0:00:13]} 80. Kxg6 {[%emt 0:00:05]} 1-0

[Event "WYCC U14 Open 2019"]
[Site "Mumbai"]
[Date "2019.10.04"]
[Round "4.13"]
[White "Nikhil Magizhnan"]
[Black "Davtyan, Arsen"]
[Result "1/2-1/2"]
[WhiteElo "2160"]
[BlackElo "1942"]
[Annotator "NA"]
[PlyCount "255"]
[EventDate "2019.10.02"]
[EventType "swiss"]
[EventCountry "IND"]
[SourceTitle "playchess.com"]
[Source "ChessBase"]
[SourceQuality "1"]
[TimeControl "40/5400+30:1800+30"]

1. e4 {[%emt 0:00:10]} c5 {[%emt 0:00:00]} 2. c3 {[%emt 0:00:12]} d5 {[%emt 0:00:20]} 3. exd5 {[%emt 0:00:14]} Qxd5 {[%emt 0:00:07]} 4. d4 {[%emt 0:00:10]} Nc6 {[%emt 0:00:48]} 5. Nf3 {[%emt 0:01:03]} cxd4 {[%emt 0:00:18]} 6. cxd4 {[%emt 0:00:11]} e5 {[%emt 0:00:11]} 7. Nc3 {[%emt 0:01:03]} Bb4 {[%emt 0:00:22]} 8. Bd2 {[%emt 0:01:16]} Bxc3 {[%emt 0:00:28]} 9. Bxc3 {[%emt 0:00:31]} e4 {[%emt 0:00:13]} 10. Nd2 {[%emt 0:00:51]} Nf6 {[%emt 0:00:26]} 11. Bc4 {[%emt 0:01:43]} Qg5 {[%emt 0:00:15]} 12. Qe2 {[%emt 0:18:25]} Qxg2 {[%emt 0:16:32]} 13. O-O-O {[%emt 0:02:38]} Bg4 {[%emt 0:05:48]} 14. Qe1 {[%emt 0:10:53]} O-O-O {[%emt 0:21:16]} 15. Rg1 {[%emt 0:07:00]} Qh3 {[%emt 0:08:50]} 16. d5 {[%emt 0:19:21]} Nxd5 {[%emt 0:21:54]} 17. Bxd5 {[%emt 0:01:24]} Rxd5 {[%emt 0:03:10]} 18. Qxe4 {[%emt 0:00:54]} Be6 {[%emt 0:00:53]} 19. Rxg7 {[%emt 0:00:21]} Qh5 {[%emt 0:11:54]} 20. Rdg1 {[%emt 0:04:40]} Qh6 {[%emt 0:03:03]} 21. f4 {[%emt 0:01:18]} Rhd8 {[%emt 0:00:55]} 22. Rxh7 {[%emt 0:00:54]} Qf8 {[%emt 0:00:26]} 23. Rh8 {[%emt 0:00:57]} Qc5 {[%emt 0:00:44]} 24. Rxd8+ {[%emt 0:00:04]} Rxd8 {[%emt 0:01:00]} 25. Rg5 {[%emt 0:07:34]} Qf2 {[%emt 0:00:34]} 26. Rg2 {[%emt 0:00:18]} Qc5 {[%emt 0:00:52]} 27. a3 {[%emt 0:02:02]} Kb8 {[%emt 0:01:04]} 28. Qe2 {[%emt 0:08:27]} Ka8 {[%emt 0:01:00]} 29. Rg5 {[%emt 0:01:37]} Qd6 {[%emt 0:00:33]} 30. Qe3 {[%emt 0:00:12]} Rc8 {[%emt 0:00:30]} 31. Kb1 {[%emt 0:01:49]} Ne7 {[%emt 0:00:26]} 32. Ra5 {[%emt 0:05:26]} a6 {[%emt 0:00:34]} 33. Bb4 {[%emt 0:02:08]} Qc6 {[%emt 0:00:26]} 34. Rc5 {[%emt 0:00:25]} Qh1+ {[%emt 0:00:24]} 35. Kc2 {[%emt 0:00:03]} Bf5+ {[%emt 0:00:38]} 36. Kb3 {[%emt 0:00:02]} Be6+ {[%emt 0:00:28]} 37. Kc2 {[%emt 0:00:30]} Nc6 {[%emt 0:00:35]} 38. Bc3 {[%emt 0:01:06]} Bg4 {[%emt 0:00:30]} 39. b4 {[%emt 0:00:58]} Qxh2 {[%emt 0:00:25]} 40. b5 {[%emt 0:00:27]} axb5 {[%emt 0:00:17]} 41. Rxb5 {[%emt 0:30:03]} Qh7+ {[%emt 0:30:45]} 42. Kb2 {[%emt 0:00:05]} f6 {[%emt 0:00:31]} 43. Nc4 {[%emt 0:00:37]} Kb8 {[%emt 0:00:33]} 44. Bxf6 {[%emt 0:00:50]} Qh2+ {[%emt 0:00:28]} 45. Qd2 {[%emt 0:00:00]} Qe2 {[%emt 0:00:00]} 46. Qxe2 {[%emt 0:00:00]} Bxe2 {[%emt 0:00:00]} 47. Rc5 Rf8 {[%emt 0:00:00]} 48. Bg5 {[%emt 0:00:00]} Ka7 {[%emt 0:00:00]} 49. Nd6 {[%emt 0:00:00]} Kb6 {[%emt 0:00:00]} 50. Rc2 {[%emt 0:00:00]} Bg4 {[%emt 0:00:00]} 51. Rg2 {[%emt 0:00:00]} Be6 {[%emt 0:00:00]} 52. Re2 {[%emt 0:00:00]} Bg4 {[%emt 0:00:00]} 53. Re3 {[%emt 0:00:00]} Nd4 {[%emt 0:00:00]} 54. Re4 {[%emt 0:00:00]} Ne6 {[%emt 0:01:05]} 55. Rb4+ {[%emt 0:00:00]} Kc7 {[%emt 0:01:03]} 56. Nxb7 {[%emt 0:00:00]} Bf3 {[%emt 0:01:31]} 57. Na5 {[%emt 0:01:12]} Nxg5 {[%emt 0:01:00]} 58. fxg5 {[%emt 0:00:12]} Rf5 {[%emt 0:00:38]} 59. Nb3 {[%emt 0:00:18]} Rxg5 {[%emt 0:00:36]} 60. Nd4 {[%emt 0:00:44]} Bd5 {[%emt 0:01:45]} 61. Rb5 {[%emt 0:00:16]} Rg2+ {[%emt 0:00:13]} 62. Kc3 {[%emt 0:00:04]} Bc6 {[%emt 0:01:06]} 63. Rc5 {[%emt 0:00:12]} Rg6 {[%emt 0:00:15]} 64. Rh5 {[%emt 0:01:05]} Kb6 {[%emt 0:00:31]} 65. Nc2 {[%emt 0:00:22]} Rg3+ {[%emt 0:00:16]} 66. Kc4 {[%emt 0:00:22]} Rg4+ {[%emt 0:00:46]} 67. Nd4 {[%emt 0:00:08]} Rg6 {[%emt 0:00:21]} 68. Rh4 {[%emt 0:00:32]} Rg1 {[%emt 0:00:51]} 69. Rh6 {[%emt 0:00:02]} Rc1+ {[%emt 0:00:06]} 70. Kb4 {[%emt 0:01:05]} Rb1+ {[%emt 0:00:33]} 71. Kc3 {[%emt 0:00:07]} Rc1+ {[%emt 0:00:04]} 72. Kd2 {[%emt 0:00:21]} Rc5 {[%emt 0:01:15]} 73. a4 {[%emt 0:01:17]} Kb7 {[%emt 0:00:30]} 74. a5 {[%emt 0:00:14]} Rxa5 {[%emt 0:00:36]} 75. Rxc6 Ra2+ {[%emt 0:00:25]} 76. Kd3 {[%emt 0:01:51]} Rh2 {[%emt 0:00:15]} 77. Rc1 {[%emt 0:00:09]} Rh3+ {[%emt 0:00:28]} 78. Kc4 {[%emt 0:00:10]} Kc7 {[%emt 0:00:41]} 79. Rg1 {[%emt 0:00:21]} Kd6 {[%emt 0:00:35]} 80. Rg5 Rh1 {[%emt 0:00:22]} 81. Rd5+ {[%emt 0:00:37]} Ke7 {[%emt 0:00:20]} 82. Re5+ {[%emt 0:00:04]} Kf6 {[%emt 0:00:23]} 83. Rf5+ {[%emt 0:00:25]} Kg6 {[%emt 0:00:14]} 84. Ra5 {[%emt 0:00:16]} Kf6 {[%emt 0:00:25]} 85. Nc2 Rh4+ {[%emt 0:00:10]} 86. Kd3 {[%emt 0:00:26]} Rh3+ {[%emt 0:00:15]} 87. Ne3 {[%emt 0:00:04]} Ke6 {[%emt 0:00:32]} 88. Ke4 {[%emt 0:00:35]} Rh4+ {[%emt 0:00:11]} 89. Kf3 {[%emt 0:00:09]} Rh3+ {[%emt 0:00:27]} 90. Kf4 {[%emt 0:00:04]} Rh4+ {[%emt 0:00:08]} 91. Ng4 {[%emt 0:00:11]} Rh1 {[%emt 0:00:30]} 92. Ke4 {[%emt 0:00:09]} Kd6 {[%emt 0:00:41]} 93. Rd5+ {[%emt 0:00:11]} Kc6 {[%emt 0:00:22]} 94. Ne5+ {[%emt 0:00:01]} Kb6 {[%emt 0:00:15]} 95. Nd3 {[%emt 0:00:18]} Rh4+ {[%emt 0:00:24]} 96. Nf4 {[%emt 0:00:02]} Rh1 {[%emt 0:00:34]} 97. Ke5 {[%emt 0:00:33]} Rh8 {[%emt 0:00:30]} 98. Ke6 {[%emt 0:00:26]} Rh6+ {[%emt 0:00:13]} 99. Kd7 {[%emt 0:00:05]} Rh7+ {[%emt 0:00:07]} 100. Kd6 {[%emt 0:00:09]} Rh6+ {[%emt 0:00:40]} 101. Ne6 {[%emt 0:00:04]} Rh8 {[%emt 0:00:31]} 102. Rd1 {[%emt 0:00:18]} Kb5 {[%emt 0:00:10]} 103. Rc1 {[%emt 0:00:22]} Rh6 {[%emt 0:00:23]} 104. Rc8 {[%emt 0:00:04]} Kb4 {[%emt 0:00:11]} 105. Rc1 {[%emt 0:00:14]} Kb5 {[%emt 0:00:06]} 106. Rc5+ {[%emt 0:00:26]} Kb4 {[%emt 0:00:06]} 107. Rg5 {[%emt 0:00:03]} Kc4 {[%emt 0:01:05]} 108. Rg4+ {[%emt 0:00:04]} Kc3 {[%emt 0:00:13]} 109. Kd5 {[%emt 0:00:13]} Rh8 {[%emt 0:00:32]} 110. Rg3+ {[%emt 0:00:22]} Kb4 {[%emt 0:00:10]} 111. Rf3 {[%emt 0:00:38]} Rh5+ {[%emt 0:00:23]} 112. Kd4 {[%emt 0:00:08]} Rh4+ {[%emt 0:00:08]} 113. Nf4 {[%emt 0:00:05]} Rh1 {[%emt 0:00:33]} 114. Nd5+ {[%emt 0:00:10]} Kb5 {[%emt 0:00:18]} 115. Rb3+ {[%emt 0:00:02]} Kc6 {[%emt 0:00:19]} 116. Rb6+ {[%emt 0:00:04]} Kd7 {[%emt 0:00:04]} 117. Rg6 {[%emt 0:00:02]} Rd1+ {[%emt 0:00:13]} 118. Ke4 {[%emt 0:00:15]} Re1+ {[%emt 0:00:06]} 119. Ne3 {[%emt 0:00:13]} Kc7 {[%emt 0:00:15]} 120. Kd4 {[%emt 0:00:17]} Kd7 {[%emt 0:00:31]} 121. Nf5 {[%emt 0:00:08]} Ra1 {[%emt 0:00:37]} 122. Ne3 {[%emt 0:00:48]} Re1 {[%emt 0:00:07]} 123. Nc4 {[%emt 0:00:08]} Rd1+ {[%emt 0:00:16]} 124. Kc5 {[%emt 0:00:14]} Ke7 {[%emt 0:00:19]} 125. Ne3 {[%emt 0:00:16]} Rc1+ {[%emt 0:00:11]} 126. Kd5 {[%emt 0:00:12]} Kf7 {[%emt 0:00:36]} 127. Rh6 {[%emt 0:00:03]} Ra1 {[%emt 0:00:27]} 128. Kd4 1/2-1/2

[Event "WYCC U14 Open 2019"]
[Site "Mumbai"]
[Date "2019.10.04"]
[Round "4.14"]
[White "Luczak, Filip"]
[Black "Ayush Sharma"]
[Result "1-0"]
[WhiteElo "2136"]
[BlackElo "1939"]
[Annotator "NA"]
[PlyCount "115"]
[EventDate "2019.10.02"]
[EventType "swiss"]
[EventCountry "IND"]
[SourceTitle "playchess.com"]
[Source "ChessBase"]
[SourceQuality "1"]
[TimeControl "40/5400+30:1800+30"]

1. Nf3 {[%emt 0:00:00]} Nf6 {[%emt 0:00:05]} 2. g3 {[%emt 0:00:00]} b6 {[%emt 0:01:20]} 3. Bg2 {[%emt 0:00:07]} Bb7 {[%emt 0:00:12]} 4. c4 {[%emt 0:00:06]} c5 {[%emt 0:00:09]} 5. O-O {[%emt 0:00:08]} e6 {[%emt 0:00:09]} 6. Nc3 {[%emt 0:00:06]} Be7 {[%emt 0:00:12]} 7. Re1 {[%emt 0:00:25]} d6 {[%emt 0:03:53]} 8. e4 {[%emt 0:01:01]} Nbd7 {[%emt 0:00:10]} 9. d4 {[%emt 0:01:09]} cxd4 {[%emt 0:00:21]} 10. Nxd4 {[%emt 0:00:07]} Qc7 {[%emt 0:07:11]} 11. b3 {[%emt 0:09:03]} O-O {[%emt 0:01:14]} 12. Bb2 {[%emt 0:09:26]} Rac8 {[%emt 0:00:56]} 13. Qe2 {[%emt 0:01:44]} Rfe8 {[%emt 0:00:11]} 14. Rad1 {[%emt 0:01:50]} Qb8 {[%emt 0:03:49]} 15. f4 {[%emt 0:13:13]} e5 {[%emt 0:13:50]} 16. Nf5 {[%emt 0:00:16]} Bf8 {[%emt 0:04:29]} 17. Nd5 {[%emt 0:12:05]} g6 {[%emt 0:03:41]} 18. Nfe3 {[%emt 0:00:44]} Bxd5 {[%emt 0:11:48]} 19. Nxd5 {[%emt 0:04:32]} Nxd5 20. Rxd5 {[%emt 0:00:28]} exf4 {[%emt 0:09:35]} 21. gxf4 {[%emt 0:02:37]} Nc5 {[%emt 0:00:07]} 22. Qd2 {[%emt 0:11:03]} Bg7 {[%emt 0:08:39]} 23. Bxg7 {[%emt 0:00:42]} Kxg7 {[%emt 0:00:03]} 24. Rxd6 {[%emt 0:00:15]} Rcd8 {[%emt 0:00:03]} 25. Rd5 {[%emt 0:00:16]} Ne6 {[%emt 0:01:28]} 26. Rf1 {[%emt 0:04:17]} Nc7 {[%emt 0:00:17]} 27. Rxd8 {[%emt 0:01:54]} Rxd8 {[%emt 0:02:59]} 28. Qc3+ {[%emt 0:00:59]} Kg8 {[%emt 0:00:06]} 29. e5 {[%emt 0:04:07]} b5 {[%emt 0:00:01]} 30. c5 {[%emt 0:01:25]} Ne6 {[%emt 0:02:48]} 31. c6 {[%emt 0:02:30]} Qb6+ {[%emt 0:01:20]} 32. Kh1 {[%emt 0:00:10]} b4 {[%emt 0:01:31]} 33. Qc2 {[%emt 0:03:04]} Qe3 {[%emt 0:03:09]} 34. f5 {[%emt 0:04:00]} Nd4 {[%emt 0:04:02]} 35. Qc5 {[%emt 0:06:21]} Nxf5 {[%emt 0:00:59]} 36. Qxe3 {[%emt 0:02:33]} Nxe3 {[%emt 0:00:08]} 37. Rc1 {[%emt 0:00:59]} Nxg2 {[%emt 0:00:19]} 38. Kxg2 {[%emt 0:00:03]} Kf8 {[%emt 0:00:15]} 39. Kf3 {[%emt 0:00:21]} Ke7 {[%emt 0:00:34]} 40. Ke4 {[%emt 0:01:31]} Ke6 {[%emt 0:05:16]} 41. Rc4 {[%emt 0:31:30]} a5 {[%emt 0:31:44]} 42. Rc5 {[%emt 0:00:30]} Rc8 {[%emt 0:00:05]} 43. Kd4 {[%emt 0:00:29]} h5 {[%emt 0:03:36]} 44. Kc4 {[%emt 0:02:19]} h4 {[%emt 0:03:54]} 45. Kb5 {[%emt 0:00:19]} g5 {[%emt 0:00:10]} 46. Kb6 {[%emt 0:01:07]} g4 {[%emt 0:02:21]} 47. Kb7 {[%emt 0:00:00]} Rg8 {[%emt 0:00:00]} 48. c7 {[%emt 0:00:00]} g3 {[%emt 0:00:00]} 49. hxg3 {[%emt 0:00:00]} hxg3 {[%emt 0:00:00]} 50. c8=Q+ {[%emt 0:00:00]} Rxc8 {[%emt 0:00:00]} 51. Kxc8 {[%emt 0:00:00]} Kf5 {[%emt 0:00:00]} 52. e6+ {[%emt 0:00:00]} Kxe6 {[%emt 0:00:00]} 53. Rg5 {[%emt 0:00:00]} f5 {[%emt 0:00:00]} 54. Rxg3 {[%emt 0:00:00]} Ke5 {[%emt 0:00:00]} 55. Kb7 {[%emt 0:00:00]} f4 {[%emt 0:00:00]} 56. Rg8 {[%emt 0:00:00]} Kd4 {[%emt 0:00:00]} 57. Kb6 {[%emt 0:00:00]} Kc3 {[%emt 0:00:00]} 58. Kxa5 {[%emt 0:00:00]} 1-0

[Event "WYCC U14 Open 2019"]
[Site "Mumbai"]
[Date "2019.10.04"]
[Round "4.15"]
[White "Pham, Khoi"]
[Black "Srikrishnan P"]
[Result "1-0"]
[WhiteElo "2121"]
[BlackElo "1929"]
[Annotator "NA"]
[PlyCount "64"]
[EventDate "2019.10.02"]
[EventType "swiss"]
[EventCountry "IND"]
[SourceTitle "playchess.com"]
[Source "ChessBase"]
[SourceQuality "1"]
[TimeControl "40/5400+30:1800+30"]

1. d4 {[%emt 0:00:00]} e6 2. c4 {[%emt 0:00:00]} d5 {[%emt 0:00:03]} 3. Nc3 {[%emt 0:00:00]} Nf6 {[%emt 0:00:24]} 4. cxd5 {[%emt 0:00:00]} exd5 {[%emt 0:00:14]} 5. Bg5 {[%emt 0:00:18]} c6 {[%emt 0:00:34]} 6. Qc2 {[%emt 0:02:09]} Be7 {[%emt 0:00:13]} 7. e3 {[%emt 0:00:15]} Nbd7 {[%emt 0:00:08]} 8. Bd3 {[%emt 0:00:36]} Nh5 {[%emt 0:02:04]} 9. Bxe7 {[%emt 0:01:47]} Qxe7 {[%emt 0:00:26]} 10. O-O-O {[%emt 0:01:49]} Ndf6 {[%emt 0:10:07]} 11. h3 {[%emt 0:05:44]} g6 {[%emt 0:04:49]} 12. g4 {[%emt 0:00:58]} Ng7 {[%emt 0:00:08]} 13. Nf3 {[%emt 0:01:30]} Be6 {[%emt 0:02:12]} 14. Kb1 {[%emt 0:04:54]} O-O-O {[%emt 0:21:26]} 15. Ne5 {[%emt 0:24:48]} Nd7 {[%emt 0:18:58]} 16. Nxd7 {[%emt 0:08:27]} Qxd7 {[%emt 0:09:23]} 17. f3 {[%emt 0:01:40]} Kb8 {[%emt 0:02:12]} 18. Na4 {[%emt 0:03:48]} Qe7 {[%emt 0:02:21]} 19. Rc1 {[%emt 0:03:54]} h5 {[%emt 0:06:13]} 20. Rhe1 {[%emt 0:06:28]} hxg4 {[%emt 0:01:43]} 21. hxg4 {[%emt 0:00:20]} Rh3 {[%emt 0:01:46]} 22. Be2 {[%emt 0:13:08]} f5 {[%emt 0:04:07]} 23. Qb3 {[%emt 0:03:32]} fxg4 {[%emt 0:01:50]} 24. fxg4 {[%emt 0:00:06]} Re8 {[%emt 0:04:09]} 25. Nc5 {[%emt 0:08:07]} Bc8 {[%emt 0:01:43]} 26. Na6+ {[%emt 0:04:16]} Ka8 {[%emt 0:00:10]} 27. Rxc6 {[%emt 0:00:27]} bxa6 {[%emt 0:02:13]} 28. Rec1 {[%emt 0:01:01]} Qb7 {[%emt 0:02:30]} 29. Qxd5 {[%emt 0:02:05]} Be6 {[%emt 0:01:35]} 30. Qg2 {[%emt 0:00:23]} Rb8 {[%emt 0:00:48]} 31. Bxa6 {[%emt 0:00:25]} Qd7 {[%emt 0:00:00]} 32. Bd3 Qb7 1-0

[Event "WYCC U14 Open 2019"]
[Site "Mumbai"]
[Date "2019.10.04"]
[Round "4.16"]
[White "Titze, Leo"]
[Black "Huang, Patrick"]
[Result "1/2-1/2"]
[WhiteElo "1927"]
[BlackElo "2120"]
[Annotator "NA"]
[PlyCount "132"]
[EventDate "2019.10.02"]
[EventType "swiss"]
[EventCountry "IND"]
[SourceTitle "playchess.com"]
[Source "ChessBase"]
[SourceQuality "1"]
[TimeControl "40/5400+30:1800+30"]

1. d4 {[%emt 0:00:00]} g6 {[%emt 0:00:00]} 2. c4 {[%emt 0:00:00]} Bg7 {[%emt 0:00:00]} 3. Nc3 {[%emt 0:00:00]} d6 {[%emt 0:00:00]} 4. e4 {[%emt 0:00:00]} e5 {[%emt 0:00:00]} 5. d5 {[%emt 0:00:00]} Na6 {[%emt 0:02:14]} 6. Be2 {[%emt 0:01:58]} f5 {[%emt 0:11:24]} 7. exf5 {[%emt 0:02:17]} Bxf5 {[%emt 0:01:35]} 8. g4 {[%emt 0:00:22]} Bd7 {[%emt 0:00:43]} 9. h4 {[%emt 0:01:49]} Qe7 {[%emt 0:05:46]} 10. Be3 {[%emt 0:01:10]} Nh6 {[%emt 0:12:40]} 11. Bg5 {[%emt 0:04:25]} Qf8 {[%emt 0:04:49]} 12. Nh3 {[%emt 0:15:04]} Nf7 {[%emt 0:03:53]} 13. Qc2 {[%emt 0:03:01]} Nxg5 {[%emt 0:06:50]} 14. hxg5 {[%emt 0:02:10]} Qe7 {[%emt 0:07:23]} 15. O-O-O {[%emt 0:01:26]} O-O-O {[%emt 0:01:45]} 16. f3 {[%emt 0:02:52]} Rde8 {[%emt 0:06:21]} 17. Ne4 {[%emt 0:02:22]} Nc5 {[%emt 0:00:54]} 18. Nhf2 {[%emt 0:00:42]} h6 {[%emt 0:04:13]} 19. Nxc5 {[%emt 0:02:00]} Qxg5+ {[%emt 0:00:34]} 20. Kb1 {[%emt 0:00:12]} dxc5 {[%emt 0:01:39]} 21. Ne4 {[%emt 0:00:24]} Qf4 {[%emt 0:05:05]} 22. Nxc5 {[%emt 0:00:44]} e4 {[%emt 0:02:37]} 23. Qb3 {[%emt 0:09:32]} b6 {[%emt 0:03:02]} 24. Nxe4 {[%emt 0:01:09]} Bxg4 {[%emt 0:01:52]} 25. fxg4 {[%emt 0:05:22]} Rxe4 {[%emt 0:01:38]} 26. Bd3 {[%emt 0:00:45]} Re3 {[%emt 0:00:21]} 27. Rhf1 {[%emt 0:01:38]} Qe5 {[%emt 0:00:23]} 28. c5 {[%emt 0:03:03]} Kb8 {[%emt 0:03:43]} 29. a4 {[%emt 0:02:26]} Rd8 30. cxb6 {[%emt 0:04:22]} axb6 {[%emt 0:04:57]} 31. a5 {[%emt 0:02:52]} Rxd5 {[%emt 0:00:55]} 32. axb6 {[%emt 0:00:29]} c6 {[%emt 0:01:38]} 33. Qa2 {[%emt 0:04:21]} Qe7 {[%emt 0:05:24]} 34. Qa7+ {[%emt 0:03:58]} Qxa7 {[%emt 0:00:43]} 35. bxa7+ {[%emt 0:00:01]} Kxa7 {[%emt 0:00:08]} 36. Rf7+ {[%emt 0:00:02]} Kb6 {[%emt 0:00:09]} 37. Rxg7 {[%emt 0:00:08]} Rexd3 {[%emt 0:00:28]} 38. Rxd3 {[%emt 0:00:02]} Rxd3 {[%emt 0:00:08]} 39. Rxg6 {[%emt 0:00:09]} Rh3 {[%emt 0:00:24]} 40. Ka2 {[%emt 0:00:22]} Kb5 {[%emt 0:00:20]} 41. Rg8 {[%emt 0:31:17]} Kc4 {[%emt 0:31:45]} 42. Rg7 {[%emt 0:00:38]} Kd5 {[%emt 0:01:30]} 43. g5 {[%emt 0:02:26]} h5 {[%emt 0:00:00]} 44. g6 {[%emt 0:00:00]} Ke5 {[%emt 0:00:00]} 45. Rc7 {[%emt 0:00:00]} Kf5 {[%emt 0:00:00]} 46. Rxc6 {[%emt 0:00:00]} Rg3 {[%emt 0:00:00]} 47. b4 h4 {[%emt 0:00:00]} 48. Rc4 {[%emt 0:00:00]} h3 {[%emt 0:00:00]} 49. Rh4 {[%emt 0:00:00]} Kxg6 {[%emt 0:00:00]} 50. b5 {[%emt 0:00:00]} Kg5 {[%emt 0:00:00]} 51. Rh8 {[%emt 0:00:00]} Rg2+ {[%emt 0:00:00]} 52. Ka3 {[%emt 0:00:00]} Rg3+ {[%emt 0:00:00]} 53. Ka4 {[%emt 0:00:00]} Rg4+ {[%emt 0:00:00]} 54. Ka5 {[%emt 0:00:00]} Rh4 {[%emt 0:00:00]} 55. Rg8+ {[%emt 0:00:00]} Kf5 {[%emt 0:00:00]} 56. Rg1 {[%emt 0:00:00]} h2 {[%emt 0:00:00]} 57. Rh1 {[%emt 0:00:00]} Ke5 {[%emt 0:00:00]} 58. Ka6 {[%emt 0:00:00]} Kd6 {[%emt 0:00:00]} 59. b6 {[%emt 0:00:00]} Kc5 {[%emt 0:00:00]} 60. Rc1+ {[%emt 0:00:00]} Rc4 {[%emt 0:00:11]} 61. Rh1 {[%emt 0:00:00]} Rc2 {[%emt 0:01:04]} 62. Ka7 {[%emt 0:00:00]} Ra2+ {[%emt 0:01:55]} 63. Kb7 {[%emt 0:00:00]} Rc2 {[%emt 0:00:26]} 64. Ka7 {[%emt 0:00:00]} Ra2+ {[%emt 0:00:50]} 65. Kb7 {[%emt 0:00:00]} Rg2 {[%emt 0:00:52]} 66. Ka7 {[%emt 0:00:00]} Ra2+ {[%emt 0:03:47]} 1/2-1/2

[Event "WYCC U14 Open 2019"]
[Site "Mumbai"]
[Date "2019.10.05"]
[Round "5.1"]
[White "Suleymanli, Aydin"]
[Black "Srihari L R"]
[Result "*"]
[WhiteElo "2426"]
[BlackElo "2283"]
[Annotator "TA"]
[PlyCount "18"]
[EventDate "2019.10.02"]
[EventType "swiss"]
[EventCountry "IND"]
[SourceTitle "playchess.com"]
[Source "ChessBase"]
[SourceQuality "1"]

{[%evp 9,18,26,47,29,26,6,54,64,73,53,75]} 1. Nf3 d6 2. d4 g6 3. c4 Bg7 4. Nc3 Bg4 5. Bg5 Nd7 (5... h6 6. Be3 Nf6 7. g3 O-O 8. Bg2 Nc6 9. d5 Na5 10. b3 c5 11. dxc6 bxc6 12. Rc1 c5 13. Nd5 {1-0 (41) Tomashevsky,E (2654)-Novikov,S (2562) Krasnoyarsk 2007}) 6. Qd2 {A41: 1 d4 d6: Tartakower System and Modern Defence} c5 $146 ({Predecessor:} 6... f6 7. Be3 e5 8. g3 Ne7 9. Bg2 Nf5 10. O-O Nxe3 11. Qxe3 Bxf3 12. Bxf3 c6 13. Ne4 {1-0 (47) Schmidt,D (2053)-Fischer,R (2163) Germany 2003}) 7. d5 Nb6 8. e4 Nf6 9. Be2 O-O *